Companies By Car Quiz Stats

 Plays Quiz not verified by Sporcle

Support Sporcle.
Go Orange.
Score 0/18 Timer 06:00
0 Plays Today
Model Car Company % Correct
CamryToyota
94.5%
ElementHonda
93.4%
MalibuChevy
93.4%
ViperDodge
93.4%
AltimaNissan
92.3%
X5BMW
86.8%
ElantraHyundai
86.8%
BoxterPorsche
83.5%
LacrosseBuick
80.2%
Model Car Company % Correct
LegacySubaru
76.9%
R8Audi
75.8%
SLK RoadsterMercedes Benz
75.8%
TributeMazda
65.9%
IS CLexus
65.9%
XFJaguar
59.3%
93 SportCombiSaab
39.6%
IPL G CoupeInfiniti
37.4%
OutlookSaturn
29.7%

You're not logged in!

Compare scores with friends on all Sporcle quizzes.
OR
Log In

From the Vault

5 Entertainment Fivesomes

by timschurz

Five fivesomes also gives us one really big twenty-fivesome.
Remove Ads.
Support Sporcle.
Get the best of Sporcle when you Go Orange. This ad-free experience offers more features, more stats, and more fun while also helping to support Sporcle. Thank you for becoming a member.

Show Comments

Extras

Top Quizzes Today


Score Distribution

Your Account Isn't Verified!

In order to create a playlist on Sporcle, you need to verify the email address you used during registration. Go to your Sporcle Settings to finish the process.

Report this User

Report this user for behavior that violates our Community Guidelines.

Details: